Humpty Dumpty's magazine

Detalles Bibliográficos
Título anterior:Humpty Dumpty's magazine for little children
Formato: Electrónico Revista
Lenguaje:inglés
Publicado: [Bergenfield, N.J.] : [Parents' Magazine Enterprises], [©1979]-
Colección:Children's health publications.
Materias:
Acceso en línea:Full text available from Research Library: 12/01/1996 to 03/31/2015

MARC

LEADER 00000nas a2200000 a 4500
001 ssj0002716
003 WaSeSS
005 20200512172242.0
006 m d
007 cr n
008 801105c19799999inubx p s 0 a0eng c
010 |a  86644026   |z sn 80002753  
022 |l 0273-7590  |y 0273-7590 
035 |a (WaSeSS)ssj0002716 
037 |b Humpty Dumpty's Magazine, P.O. Box 10681, Des Moines, IA 50381 
040 |a NSD  |b eng  |c NSD  |d AIP  |d NSD  |d DLC  |d NSD  |d OCLCQ  |d DLC  |d KYB  |d OCLCQ  |d CUS  |d OCLCF  |d OCLCO  |d DLC  |d JDP  |d OCLCO  |d OCLCQ  |d LKC  |d OCLCO  |d LMJ  |d ZQP  |d OCLCO  |d WaSeSS 
042 |a nsdp  |a pcc 
050 0 0 |a AP201  |b .H85 
082 0 0 |a 051/.083  |2 20 
210 0 |a Humpty Dumpty's mag. 
222 0 |a Humpty Dumpty's magazine 
245 0 0 |a Humpty Dumpty's magazine  |h [electronic resource]. 
246 1 |a Humpty Dumpty magazine,  |f <Sept./Oct. 2017>- 
260 |a [Bergenfield, N.J.] :  |b [Parents' Magazine Enterprises],  |c [©1979]- 
310 |a Bimonthly,  |b <2003-> 
321 |a Nine no. a year,  |b 1979- 
321 |a 8 no. a year,  |b <Dec. 1985-> 
362 0 |a [Vol. 27, no. 272] (Nov. 1979)- 
490 1 |a Dec. 1980-Aug./Sept. 1989: Children's health publications 
500 |a Published: Indianapolis, in: Children's Better Health Institute, <1985-> 
500 |a Title from cover. 
506 |a License restrictions may limit access. 
588 |a Latest issue consulted: Vol. 39, no. 369 (July/Aug. 1991). 
650 0 |a Children's literature  |v Periodicals. 
650 7 |a Children's literature.  |2 fast  |0 (OCoLC)fst01759351 
655 0 |a Electronic journals. 
760 0 |t Children's health publications 
780 0 0 |t Humpty Dumpty's magazine for little children  |x 0018-7666  |w (OCoLC)2447468 
830 0 |a Children's health publications. 
850 |a DLC 
856 4 0 |z Full text available from Research Library: 12/01/1996 to 03/31/2015  |u https://search.proquest.com/publication/35915